Statistics for Which Four Corners State?

Click here to take the quiz!

General Stats

  • This quiz has been taken 17 times
  • The average score is 15 of 20

Answer Stats

QuestionAnswer% Correct
Is majority MormonUtah
100%
Is a (nearly) perfect rectangleColorado
94%
Borders TexasNew Mexico
94%
Known as "The Grand Canyon State"Arizona
88%
Borders CaliforniaArizona
88%
Has the most ski resortsColorado
81%
Its capital is not its biggest cityNew Mexico
81%
Was the home of Georgia O'KeeffeNew Mexico
81%
Was the setting for much of OppenheimerNew Mexico
75%
Has the highest populationArizona
69%
Its capital is named for a mythical creatureArizona
69%
Has a highpoint over 14,000 feet in elevationColorado
69%
Voted for Donald Trump in 2020Utah
69%
Does not observe Daylight Saving TimeArizona
63%
Was the first to gain statehoodColorado
63%
Has the most land areaNew Mexico
63%
Has teams in all five major sports leagues (NFL, MLB, NBA, NHL, MLS)Colorado
56%
Has the most water areaUtah
56%
Has hosted the OlympicsUtah
56%
Has five national parksUtah
38%

Score Distribution

Percentile by Number Answered

Percent of People with Each Score

Your Score History

You have not taken this quiz